000 00400nam a2200169Ia 4500
005 20250423101314.0
008 250422s9999 xx 000 0 und d
020 _a9780671025700
050 _aPR 6059.N525 .M33/
100 _aMcbain, Ed
245 4 _aThe last dance
260 _aLondon
260 _bA division of simon & schuster, Inc.
260 _c1999
300 _a304 p
942 _cBK
999 _c35916
_d35916